Baby Names: Girls (1910s) Quiz Stats

 Plays Quiz Updated Oct 23, 2020

Support Sporcle.
Go Orange.
Score 0/100 Timer 10:00
2 Plays Today
Rank Name % Correct
1Mary
90.7%
8Elizabeth
83.5%
44Ann
82.4%
57Anne
72.5%
20Catherine
69.5%
50Sarah
69%
4Margaret
68.8%
7Anna
67.7%
68Jane
67.1%
52Katherine
66.8%
16Rose
61.7%
37Betty
57.6%
2Helen
57.1%
11Marie
55.9%
62Laura
55.8%
5Ruth
55.8%
41Emma
52.5%
3Dorothy
50.5%
25Martha
49.3%
76Barbara
48.1%
13Alice
47.9%
9Frances
47.2%
89Ellen
46.8%
26Grace
46.5%
18Louise
46.2%
33Annie
45.4%
45Jean
45.1%
47Julia
44.2%
80Lucy
42.3%
35Gertrude
40.9%
31Eleanor
40.4%
84Charlotte
39.8%
23Josephine
38.5%
22Ethel
38.4%
Rank Name % Correct
30Edith
37.5%
43Bertha
37.3%
12Evelyn
36.8%
36Esther
36.3%
32Doris
36%
93June
35.8%
97Theresa
35.7%
72Ella
35.6%
63Kathryn
35.5%
38Beatrice
35.1%
14Florence
34.6%
6Mildred
34.5%
53Eva
33.8%
10Virginia
33.7%
19Edna
33.7%
15Lillian
33.3%
17Irene
32.3%
24Ruby
32.1%
29Lucille
32%
40Clara
31.6%
79Violet
31.3%
34Pauline
30.4%
48Agnes
29.5%
56Pearl
29%
54Ida
27.8%
88Mae
27.8%
49Lois
27.6%
21Gladys
27.3%
90Wilma
26.8%
61Mabel
26.7%
86Marian
26.2%
98Carrie
26.1%
27Hazel
25.6%
28Thelma
25.5%
Rank Name % Correct
77Vivian
25.4%
74Rita
25.4%
51Marion
24.6%
60Nellie
24.5%
65Vera
24.5%
55Bessie
24%
64Stella
23.7%
67Jessie
23.4%
92Opal
23.3%
99Phyllis
23.2%
42Bernice
22.6%
39Marjorie
22.3%
70Minnie
21.9%
81Jennie
21.3%
58Viola
21%
94Geraldine
20.9%
46Elsie
20.4%
71Sylvia
20.2%
59Myrtle
20%
87Blanche
19.7%
69Alma
19.2%
95Beulah
19.1%
73Lillie
18.9%
78Lena
18.1%
96Velma
17.9%
66Willie
17.6%
85Mattie
15.2%
83Marguerite
15.2%
91Juanita
14.4%
100Maxine
14.4%
82Genevieve
13.8%
75Leona
13.6%

You're not logged in!

Compare scores with friends on all Sporcle quizzes.
OR
Log In

From the Vault

Remove Ads.
Support Sporcle.
Get the best of Sporcle when you Go Orange. This ad-free experience offers more features, more stats, and more fun while also helping to support Sporcle. Thank you for becoming a member.

Show Comments

Extras

Top Quizzes Today


Score Distribution

Your Account Isn't Verified!

In order to create a playlist on Sporcle, you need to verify the email address you used during registration. Go to your Sporcle Settings to finish the process.

Report this User

Report this user for behavior that violates our Community Guidelines.

Details: